000
00283 a2200109 4500
005
20251229155133.0
020
_a
9783030208783
100
_a
Ganguly, Jibamitra
245
_a
Thermodynamic principles and applications to earth and planetary science
260
_b
Springer
942
_c
BK
999
_c
36646
_d
36646